000 00434nam a2200133Ia 4500
008 231129s9999||||xx |||||||||||||| ||spa||
020 _a958-20-0301-4
040 _bspa
082 _a370.1 P418
100 _aEdgar Morí­n
245 0 _aPensamiento complejo: En torno a Edgar Morí­n América Latina y los procesos educativos
264 _aCooperativa Editorial Magisterio
942 _2ddc
_cBKS
999 _c22561
_d22561